| 000 | 00551nam a22001937a 4500 | ||
|---|---|---|---|
| 005 | 20251201164450.0 | ||
| 020 | _a978-9354491047 | ||
| 082 | _a005.74 TAN | ||
| 100 |
_aPang-Ning Tan _91146 |
||
| 100 |
_aMichael Steinbach _91147 |
||
| 100 |
_aAnuj Karpatne _91148 |
||
| 100 |
_aVipin Kumar _91149 |
||
| 245 | _aIntroduction to Data Mining_2nd Edition | ||
| 250 | _a2 | ||
| 260 |
_aPearson Education _bNew Delhi _c2025 |
||
| 300 |
_a856 _bItem Weight : 1 kg 20 g Dimensions : 20.3 x 25.4 x 4.7 cm |
||
| 650 |
_aCSE _914 |
||
| 942 | _cBK | ||
| 999 |
_c38060 _d38060 |
||